Analysis of the construction industry in the Slovak Republic by bankruptcy model
Uložené v:
| Hlavný autor: | |
|---|---|
| Ďalší autori: | , |
| Médium: | Kapitola |
| Jazyk: | English |
| Tagy: |
Žiadne tagy, Buďte prvý, kto otaguje tento záznam!
|
MARC
| LEADER | 00000nla a2200000 4500 | ||
|---|---|---|---|
| 001 | 0220138 | ||
| 005 | 20240502083547.2 | ||
| 041 | 0 | |a eng | |
| 044 | |a AE | ||
| 245 | 1 | 0 | |a Analysis of the construction industry in the Slovak Republic by bankruptcy model |c Daniela Rybárová, Mária Braunová, Lucia Jantošová |
| 500 | |a Abstrakt | ||
| 100 | 1 | |a Rybárová, Daniela, 1967- | |
| 700 | 1 | |a Braunová, Mária | |
| 700 | 1 | |a Jantošová, Lucia | |